|
|
|
|
| LEADER |
01259nam a2200337za 4500 |
| 001 |
001002247 |
| 003 |
CZ BrMZK |
| 005 |
20110726085413.0 |
| 007 |
ta |
| 008 |
090529s2009 xxka erp 000 0 eng |
| 020 |
|
|
|a 9781405099677
|q (brož.)
|
| 040 |
|
|
|a BOA001
|b cze
|
| 072 |
|
7 |
|a 811.111
|x Angličtina
|2 Konspekt
|9 11
|
| 072 |
|
7 |
|a 37.016
|x Učební osnovy. Vyučovací předměty. Učebnice
|2 Konspekt
|9 22
|
| 080 |
|
|
|a 811.111
|2 MRF
|
| 080 |
|
|
|a (07.063)81
|2 MRF
|
| 100 |
1 |
|
|a Kay, Susan
|7 pna2005307292
|4 aut
|
| 245 |
1 |
0 |
|a New Inside Out. Intermediate. Student's Book
|c Sue Kay & Vaughan Jones
|
| 250 |
|
|
|a 1st pub.
|
| 260 |
|
|
|a Oxford :
|b Macmillan,
|c 2009
|
| 300 |
|
|
|a 159 s. :
|b il. (převážně barev.) ;
|c 30 cm
|
| 500 |
|
|
|a Ke knize vydán stejnojmenný CD-ROM, sig. CD-R 125
|
| 650 |
0 |
7 |
|a angličtina
|7 ph114056
|2 czenas
|
| 653 |
0 |
|
|a jazyková úroveň B1
|
| 655 |
|
7 |
|a jazykové učebnice, texty, příručky (B)
|7 fd600891
|2 czenas
|
| 700 |
1 |
|
|a Jones, Vaughan
|7 xx0037257
|4 aut
|
| 910 |
|
|
|a BOA001
|b AK-0005.162,1
|
| 990 |
|
|
|a BK
|
| 991 |
|
|
|b 200912
|y British Council Brno - Czech Republic
|z 000050838
|
| 991 |
|
|
|b 201107
|e n
|x 99
|
| 996 |
7 |
|
|b 261E008334
|c AK-0005.162,1
|l Anglická knihovna/2.patro
|r ZHR
|n 36
|h CA 6
|w 001002247
|u 000010
|a 0
|e BOA001
|j MZK50
|s A
|